Sưu tầm và giới thiệu di cảo Hán Nôm của Phạm Phú Thứ
Đã lưu trong:
| Hovedforfatter: | |
|---|---|
| Format: | Bog |
| Udgivet: |
2007
|
| Tags: |
Tilføj Tag
Ingen Tags, Vær først til at tagge denne postø!
|
| Thư viện lưu trữ: | Mạng thư viện Đại học Đà Nẵng |
|---|
| LEADER | 00741nam a2200229 4500 | ||
|---|---|---|---|
| 001 | 000021233 | ||
| 003 | 17680 | ||
| 005 | 20150415150435.0 | ||
| 008 | 150415s2007 sd | ||
| 100 | 1 | |a Nguyễn Hoàng Thân |e Chủ nhiệm đề tài | |
| 245 | 1 | 0 | |a Sưu tầm và giới thiệu di cảo Hán Nôm của Phạm Phú Thứ |c Nguyễn Hoàng Thân |
| 260 | |c 2007 | ||
| 500 | |a Đề tài NCKH cấp Trường Đại học Sư Phạm Đà Nẵng . Mã số : T2007-03-26 | ||
| OWN | |a LSP | ||
| 999 | |a From the UDN01 | ||
| TYP | |a Mixed Materials | ||
| TYP | |a Monograph | ||
| TYP | |a Printed language | ||
| 980 | |a Mạng thư viện Đại học Đà Nẵng | ||